| 000 | 00815nam a2200241Ia 4500 | ||
|---|---|---|---|
| 003 | GCL | ||
| 008 | 140319s9999 xx 000 0 ara d | ||
| 040 |
_aGCL / _cGCL |
||
| 082 | 0 | 4 |
_a923.5 _bم س |
| 100 | 1 | _aميشيل عبدالاحد | |
| 245 | 1 | 0 |
_aستة من رجال الاعمال : روكفلر - كادبرى - كرنيجى - روتشيلد - رويتر - رودس / _cميشيل عبدالاحد |
| 700 | 1 | _aمكينكول , هارى | |
| 300 | _a82 ص | ||
| 490 |
_aالالف كتاب _v0 |
||
| 650 | 0 | 4 | _aالاداريون |
| 650 | 0 | 4 | _aرودس , سسل |
| 650 | 0 | 4 | _aروكفلر , جون د |
| 650 | 0 | 4 | _aكادبرى , جورج |
| 650 | 0 | 4 | _aكارنيجى , اندرو |
| 650 | 0 | 4 | _aرويتر , بول يوليوس |
| 650 | 0 | 4 | _aروتشلد , مايوامشيل |
| 942 |
_2ddc _cBK |
||
| 999 |
_c45764 _d45764 |
||